[Event "6.Torneo de Promoción Almansa 2011"]
[Site "Almansa ESP"]
[Date "2011.08.09"]
[Round "1.23"]
[White "Munoz Navarro, Alberto"]
[Black "Perez Pascual, Arturo"]
[Result "1/2-1/2"]
[WhiteElo "2167"]
[BlackElo "2014"]
[PlyCount "70"]
[EventDate "2011.08.09"]
[EventType "swiss"]
[EventRounds "9"]
[EventCountry "ESP"]
[Source "lmi"]
[SourceDate "2011.08.09"]

1. d4 d5 2. c4 c6 3. Nc3 Nf6 4. cxd5 cxd5 5. Bf4 Nc6 6. e3 e6 7. Bd3 Bd6 8.
Bxd6 Qxd6 9. f4 a6 10. Nf3 O-O 11. O-O b5 12. Ne5 Nd7 13. Qh5 f5 14. g4 Nf6 15.
Qh4 Ne4 16. Rac1 Bb7 17. Rf3 Nxe5 18. fxe5 Qd8 19. Qxd8 Raxd8 20. gxf5 exf5 21.
a4 b4 22. Na2 b3 23. Nb4 a5 24. Nc6 Bxc6 25. Rxc6 g6 26. Bxe4 dxe4 27. Rf1 Rc8
28. Rfc1 Rcd8 29. e6 Rfe8 30. Kf2 Kg7 31. R1c5 Kf6 32. Rxa5 Rxe6 33. Rc3 Rb8
34. h4 Reb6 35. Ra7 h6 1/2-1/2

[Event "6.Torneo de Promoción Almansa 2011"]
[Site "Almansa ESP"]
[Date "2011.08.09"]
[Round "1.24"]
[White "Gil Quilez, Sonia"]
[Black "Navarro Lopez-Menchero, Daniel"]
[Result "1/2-1/2"]
[WhiteElo "2013"]
[BlackElo "2165"]
[PlyCount "124"]
[EventDate "2011.08.09"]
[EventType "swiss"]
[EventRounds "9"]
[EventCountry "ESP"]
[Source "lmi"]
[SourceDate "2011.08.09"]

1. d4 d5 2. c4 dxc4 3. e4 Nc6 4. Be3 Nf6 5. Nc3 e5 6. d5 Na5 7. Qa4+ Bd7 8.
Qxa5 a6 9. b4 b6 10. Qa3 a5 11. Qb2 axb4 12. Nd1 c3 13. Nxc3 bxc3 14. Qxc3 Bd6
15. Bd3 Ra3 16. Qc2 Qa8 17. Nf3 Ba4 18. Qe2 Bb3 19. Bb1 O-O 20. O-O Ra4 21. Qb2
Bc4 22. Rd1 Re8 23. Nd2 Ba3 24. Qc3 b5 25. Bc2 Bb4 26. Qb2 Bxd2 27. Bxd2 Rxa2
28. Rxa2 Qxa2 29. Qxa2 Bxa2 30. Ra1 Bc4 31. Ra7 Rc8 32. Bc3 Ne8 33. Bxe5 f6 34.
Bf4 Nd6 35. f3 b4 36. Bxd6 cxd6 37. Rb7 Ba6 38. Rxb4 Rxc2 39. Rb6 Bc4 40. Rxd6
Kf7 41. Rd7+ Kg6 42. Re7 Rd2 43. Rc7 Bb3 44. Rc3 Ba2 45. Rc7 h5 46. h4 Kh6 47.
Rc6 Kh7 48. Rc7 f5 49. exf5 Kg8 50. Rc8+ Kf7 51. Rh8 Bxd5 52. Rxh5 Kf6 53. Rg5
Bf7 54. Kh2 Rd5 55. Kg3 Rxf5 56. Rxf5+ Kxf5 57. Kf2 Kf4 58. g3+ Ke5 59. Ke3 Bb3
60. g4 Bd1 61. h5 Kf6 62. Kf4 Be2 1/2-1/2

[Event "6.Torneo de Promoción Almansa 2011"]
[Site "Almansa ESP"]
[Date "2011.08.09"]
[Round "1.25"]
[White "Romero Berruezo, Francisco"]
[Black "Alcaraz Martinez, Felipe"]
[Result "1-0"]
[WhiteElo "2161"]
[BlackElo "2009"]
[PlyCount "81"]
[EventDate "2011.08.09"]
[EventType "swiss"]
[EventRounds "9"]
[EventCountry "ESP"]
[Source "lmi"]
[SourceDate "2011.08.09"]

1. Nf3 f5 2. d3 Nf6 3. e4 d6 4. Nc3 e5 5. exf5 Bxf5 6. d4 e4 7. Nh4 Bg4 8. Be2
Bd7 9. Bh5+ Ke7 10. Bg5 g6 11. Nd5+ Kf7 12. Bxf6 Be7 13. Bxe7 Qc8 14. Bg5 Nc6
15. Be2 Be6 16. Nxc7 Qxc7 17. d5 Qa5+ 18. c3 Qxd5 19. Qxd5 Bxd5 20. O-O-O Be6
21. Rxd6 h6 22. Be3 g5 23. Bh5+ Ke7 24. Rxc6 bxc6 25. Ng6+ Kd7 26. Nxh8 Rxh8
27. Rd1+ Kc7 28. b3 Rg8 29. Be2 a5 30. Rd4 Bf5 31. Ra4 Ra8 32. b4 Kb7 33. g4
Be6 34. bxa5 Bd5 35. a6+ Kc7 36. Bc5 Kd7 37. Rd4 Kc7 38. c4 Bg8 39. a7 Bh7 40.
a4 Bg6 41. Rd6 1-0

[Event "6.Torneo de Promoción Almansa 2011"]
[Site "Almansa ESP"]
[Date "2011.08.09"]
[Round "1.26"]
[White "Machin Arbelo, Pedro Alexis"]
[Black "Villasenor Rubio, Emilio Jose"]
[Result "0-1"]
[WhiteElo "2006"]
[BlackElo "2159"]
[PlyCount "108"]
[EventDate "2011.08.09"]
[EventType "swiss"]
[EventRounds "9"]
[EventCountry "ESP"]
[Source "lmi"]
[SourceDate "2011.08.09"]

1. e4 e6 2. Nc3 d5 3. Nf3 Nf6 4. exd5 exd5 5. d4 Bd6 6. h3 O-O 7. Bd3 Re8+ 8.
Be3 c6 9. O-O Nbd7 10. Re1 h6 11. Nh4 Ne4 12. Nxe4 dxe4 13. Nf5 Nf6 14. Nxd6
Qxd6 15. Bc4 b5 16. Bb3 Be6 17. c3 Nd5 18. a4 a6 19. Bd2 f5 20. f3 Nf6 21. fxe4
Nxe4 22. Bc2 Bd5 23. axb5 axb5 24. Rxa8 Rxa8 25. Rf1 Qg6 26. Bb3 Nxc3 27. Bxd5+
Nxd5 28. Qc2 Rf8 29. g4 Qd6 30. Rxf5 Qg3+ 31. Kf1 Qxh3+ 32. Kf2 Qh2+ 33. Kf3
Qh3+ 34. Kf2 Nf6 35. Ke1 Qxg4 36. Bf4 Qg1+ 37. Ke2 Qg2+ 38. Kd1 Qf1+ 39. Kd2
Qf2+ 40. Kd3 Qxc2+ 41. Kxc2 Nd5 42. Rxf8+ Kxf8 43. Bd6+ Kf7 44. Kd3 g5 45. Ke4
Ke6 46. Bf8 h5 47. Bh6 Nf6+ 48. Kf3 Kf5 49. Bf8 Ne4 50. Bb4 g4+ 51. Kg2 h4 52.
Be1 h3+ 53. Kh2 Kf4 54. Ba5 Ke3 0-1

[Event "6.Torneo de Promoción Almansa 2011"]
[Site "Almansa ESP"]
[Date "2011.08.09"]
[Round "1.27"]
[White "Martinez Piqueras, Carlos"]
[Black "Garrido Fernandez, Javier"]
[Result "1/2-1/2"]
[WhiteElo "2158"]
[BlackElo "2002"]
[PlyCount "128"]
[EventDate "2011.08.09"]
[EventType "swiss"]
[EventRounds "9"]
[EventCountry "ESP"]
[Source "lmi"]
[SourceDate "2011.08.09"]

1. e4 Nf6 2. e5 Nd5 3. d4 d6 4. c4 Nb6 5. exd6 exd6 6. Nc3 Be7 7. Qf3 Nc6 8.
Be3 a5 9. O-O-O O-O 10. Bd3 a4 11. c5 Nd7 12. g4 Bg5 13. cxd6 Bxe3+ 14. fxe3
cxd6 15. Nge2 Nb4 16. Bb1 a3 17. b3 Qa5 18. Qf5 Nf6 19. Qxa5 Rxa5 20. h3 Be6
21. Nf4 Rc8 22. Kd2 Bxb3 23. axb3 a2 24. Bxa2 Nxa2 25. Nxa2 Rxa2+ 26. Kd3 g5
27. Nh5 Nxh5 28. gxh5 Rac2 29. Ke4 Kf8 30. Kd5 Ke7 31. h4 gxh4 32. Rxh4 Rg8 33.
Re4+ Kd7 34. Rf4 Rg5+ 35. Ke4 Ke6 36. d5+ Ke7 37. Rdf1 f5+ 38. Rxf5 Rxf5 39.
Kxf5 Rc3 40. Rf3 Rd3 41. Ke4 Rxb3 42. Rg3 Kf6 43. Rf3+ Ke7 44. Rg3 Kf6 45. Kf4
b5 46. Rg8 Rb1 47. Re8 Rf1+ 48. Ke4 Kf7 49. Rb8 Rh1 50. Rb7+ Kf6 51. Rxh7 Rh4+
52. Kd3 Ke5 53. Rb7 b4 54. e4 Rh3+ 55. Kc4 Kxe4 56. Re7+ Kf5 57. Kxb4 Rxh5 58.
Re6 Rh1 59. Rxd6 Ke5 60. Rd8 Rd1 61. Kc5 Rc1+ 62. Kb6 Rb1+ 63. Kc6 Rc1+ 64. Kd7
Kxd5 1/2-1/2

[Event "6.Torneo de Promoción Almansa 2011"]
[Site "Almansa ESP"]
[Date "2011.08.09"]
[Round "1.28"]
[White "Fernandez Seco, Julian"]
[Black "Jordan Martinez, David"]
[Result "1-0"]
[WhiteElo "2000"]
[BlackElo "2141"]
[PlyCount "51"]
[EventDate "2011.08.09"]
[EventType "swiss"]
[EventRounds "9"]
[EventCountry "ESP"]
[Source "lmi"]
[SourceDate "2011.08.09"]

1. e4 c5 2. Nf3 Nc6 3. d4 cxd4 4. Nxd4 Nf6 5. Nc3 e5 6. Ndb5 d6 7. Nd5 Nxd5 8.
exd5 Nb8 9. c4 a6 10. Nc3 Be7 11. Be2 O-O 12. O-O f5 13. f4 Bf6 14. Qc2 Qb6+
15. Kh1 g6 16. Rb1 Nd7 17. b4 Qc7 18. Qb3 Kg7 19. Rf3 Re8 20. Rh3 b6 21. g4
exf4 22. Bxf4 fxg4 23. Bxg4 Ne5 24. Bxc8 Raxc8 25. Ne4 Qxc4 26. Bh6+ 1-0

[Event "6.Torneo de Promoción Almansa 2011"]
[Site "Almansa ESP"]
[Date "2011.08.09"]
[Round "1.29"]
[White "Jimenez De La Torre, Jose A"]
[Black "Sanchez Dengra, Jose Maria"]
[Result "1-0"]
[WhiteElo "2138"]
[BlackElo "1986"]
[PlyCount "43"]
[EventDate "2011.08.09"]
[EventType "swiss"]
[EventRounds "9"]
[EventCountry "ESP"]
[Source "lmi"]
[SourceDate "2011.08.09"]

1. e4 c5 2. Nf3 Nc6 3. d4 cxd4 4. Nxd4 e6 5. Nc3 d6 6. Bc4 Nf6 7. Bb3 Be7 8.
O-O O-O 9. f4 a6 10. Be3 Nxd4 11. Bxd4 b5 12. e5 dxe5 13. fxe5 Nd5 14. Ne4 Bb7
15. Qg4 Nf4 16. Nd6 Bxd6 17. exd6 Ng6 18. Rxf7 Rxf7 19. Qxe6 Qe8 20. Rf1 Qxe6
21. Bxe6 Raf8 22. d7 1-0

[Event "6.Torneo de Promoción Almansa 2011"]
[Site "Almansa ESP"]
[Date "2011.08.09"]
[Round "1.30"]
[White "Nicolas Zapata, Javier"]
[Black "Lara Lopez, Sergio"]
[Result "1-0"]
[WhiteElo "1982"]
[BlackElo "2138"]
[PlyCount "73"]
[EventDate "2011.08.09"]
[EventType "swiss"]
[EventRounds "9"]
[EventCountry "ESP"]
[Source "lmi"]
[SourceDate "2011.08.09"]

1. d4 e6 2. Nf3 d5 3. Bf4 Nf6 4. e3 Bd6 5. Bg3 Ne4 6. Bd3 f5 7. Ne5 O-O 8. Nd2
Nd7 9. Nxd7 Qxd7 10. Bxd6 Qxd6 11. f4 Rf6 12. c3 Rh6 13. O-O Nxd2 14. Qxd2 g5
15. g4 gxf4 16. gxf5 fxe3 17. Qg2+ Kh8 18. f6 Qf8 19. Rf3 e5 20. dxe5 Be6 21.
Rxe3 c5 22. Rg3 Qf7 23. Kh1 c4 24. Be2 Rg6 25. Bh5 Rxg3 26. Qxg3 Qf8 27. Rg1
Rd8 28. Qg5 d4 29. Bf3 Qf7 30. cxd4 Rxd4 31. Qg7+ Qxg7 32. Rxg7 Rd3 33. Re7 Bg8
34. Kg2 Rd2+ 35. Kg3 Rxb2 36. Re8 Rb6 37. Bd5 1-0

[Event "6.Torneo de Promoción Almansa 2011"]
[Site "Almansa ESP"]
[Date "2011.08.09"]
[Round "1.31"]
[White "Varga, Mariano"]
[Black "Garcia De Lomas Guerrero, Carlo"]
[Result "1-0"]
[WhiteElo "2131"]
[BlackElo "1980"]
[PlyCount "61"]
[EventDate "2011.08.09"]
[EventType "swiss"]
[EventRounds "9"]
[EventCountry "ESP"]
[Source "lmi"]
[SourceDate "2011.08.09"]

1. d4 Nf6 2. c4 c5 3. d5 b5 4. cxb5 a6 5. bxa6 Bxa6 6. g3 g6 7. Bg2 d6 8. b3
Bg7 9. Bb2 O-O 10. Nh3 Nbd7 11. O-O Qa5 12. Bc3 Qc7 13. Qc2 Rfb8 14. Rd1 Nb6
15. a4 Rb7 16. Na3 Ng4 17. Bxg7 Kxg7 18. Ng5 Nf6 19. Rab1 Rab8 20. Ne4 Nxe4 21.
Bxe4 Nd7 22. Bd3 Bxd3 23. Rxd3 Ne5 24. Rc3 Rb4 25. h3 Qb7 26. f4 Nd7 27. e4 Nf6
28. Re3 Nd7 29. Nb5 Qb6 30. Rbe1 c4 31. Qc3+ 1-0

[Event "6.Torneo de Promoción Almansa 2011"]
[Site "Almansa ESP"]
[Date "2011.08.09"]
[Round "1.32"]
[White "Buiza Prieto, Aizbeltz"]
[Black "Martin Hernandez, Ruben"]
[Result "0-1"]
[WhiteElo "1949"]
[BlackElo "2128"]
[PlyCount "106"]
[EventDate "2011.08.09"]
[EventType "swiss"]
[EventRounds "9"]
[EventCountry "ESP"]
[Source "lmi"]
[SourceDate "2011.08.09"]

1. e4 c5 2. Nf3 e6 3. d4 cxd4 4. Nxd4 a6 5. Be2 Nf6 6. Nc3 Qc7 7. O-O Nc6 8.
Be3 Bb4 9. Na4 O-O 10. Nxc6 bxc6 11. Nb6 Rb8 12. Nxc8 Rfxc8 13. Bxa6 Rd8 14.
Bd3 Bd6 15. f4 e5 16. b3 exf4 17. Bd4 f3 18. e5 Bxe5 19. Bxe5 Qxe5 20. Rxf3 Ng4
21. g3 Qc5+ 22. Kh1 Nf2+ 23. Rxf2 Qxf2 24. Qh5 g6 25. Qh6 Qf3+ 26. Kg1 Re8 27.
a4 Ra8 28. Rf1 Qe3+ 29. Qxe3 Rxe3 30. Kf2 Re5 31. Ra1 Kf8 32. b4 d5 33. a5 Ke7
34. a6 Kd6 35. Ra5 d4 36. Ra1 Kc7 37. Bc4 Kb6 38. Rd1 Rd8 39. c3 dxc3 40. Rxd8
c2 41. Rd7 c5 42. Rb7+ Kc6 43. b5+ Kd6 44. Rb6+ Ke7 45. Rb7+ Kf6 46. h4 Rf5+
47. Ke2 c1=Q 48. Rxf7+ Ke5 49. Rxf5+ gxf5 50. Kd3 Qb1+ 51. Kc3 Qb4+ 52. Kd3
Qa3+ 53. Kc2 Kd4 0-1

[Event "6.Torneo de Promoción Almansa 2011"]
[Site "Almansa ESP"]
[Date "2011.08.09"]
[Round "1.33"]
[White "Krug Cortegoso, Rodolfo Martin"]
[Black "Buendia Pinar, Alvaro"]
[Result "1-0"]
[WhiteElo "2127"]
[BlackElo "1941"]
[PlyCount "115"]
[EventDate "2011.08.09"]
[EventType "swiss"]
[EventRounds "9"]
[EventCountry "ESP"]
[Source "lmi"]
[SourceDate "2011.08.09"]

1. Nf3 c6 2. c4 d5 3. d4 e6 4. Nbd2 Nf6 5. Qc2 Nbd7 6. e4 dxe4 7. Nxe4 Nxe4 8.
Qxe4 Nf6 9. Qe3 Bd6 10. g3 O-O 11. Bg2 Ng4 12. Qe2 c5 13. O-O Nf6 14. Rd1 Qe7
15. Be3 Nd7 16. dxc5 Bxc5 17. Bxc5 Qxc5 18. Rac1 Rb8 19. Qd2 b6 20. b4 Qc7 21.
Qd6 Qxd6 22. Rxd6 Nf6 23. Ne5 Bb7 24. Nc6 Bxc6 25. Bxc6 Rfd8 26. Rxd8+ Rxd8 27.
a4 Rc8 28. b5 Kf8 29. c5 bxc5 30. Rxc5 Nd7 31. Rh5 Nb8 32. Bf3 h6 33. Rh4 Ke7
34. a5 Rc1+ 35. Kg2 Ra1 36. a6 Rb1 37. Be2 Rb2 38. Rc4 Kd6 39. Rc8 Nd7 40. Rc6+
Ke7 41. Bf1 Kd8 42. g4 Ne5 43. Rd6+ Kc7 44. Rd4 g5 45. h3 f6 46. Rd1 Rc2 47.
b6+ axb6 48. Ra1 Kb8 49. a7+ Ka8 50. Ra6 Rc7 51. Rxb6 Kxa7 52. Rxe6 Rf7 53. Bb5
Kb7 54. Kg3 Ng6 55. Be8 Re7 56. Rxf6 Ne5 57. Rf8 Rh7 58. f4 1-0

[Event "6.Torneo de Promoción Almansa 2011"]
[Site "Almansa ESP"]
[Date "2011.08.09"]
[Round "1.34"]
[White "Albo Ruiz, Jose Martin"]
[Black "Garcia Gata, Jorge D"]
[Result "0-1"]
[WhiteElo "1934"]
[BlackElo "2125"]
[PlyCount "110"]
[EventDate "2011.08.09"]
[EventType "swiss"]
[EventRounds "9"]
[EventCountry "ESP"]
[Source "lmi"]
[SourceDate "2011.08.09"]

1. d4 Nf6 2. c4 c5 3. d5 b5 4. Nf3 g6 5. g3 bxc4 6. Nc3 d6 7. Bg2 Bg7 8. Qa4+
Nbd7 9. e4 O-O 10. Qxc4 Qa5 11. Bf1 Nxe4 12. Qxe4 Bxc3+ 13. Nd2 Bd4 14. Bc4 Ne5
15. O-O Nxc4 16. Nxc4 Qb4 17. Nd2 Re8 18. a3 Qa4 19. b3 Qa6 20. Ra2 Bf5 21. Qh4
Bf6 22. Qh6 Bg7 23. Qh4 Qd3 24. Re1 Qxd5 25. Nc4 Qf3 26. Rae2 Be6 27. Re3 Qf5
28. g4 Qf6 29. Qg3 Bxc4 30. bxc4 Qd4 31. Qf3 Be5 32. Qe2 Bg7 33. Qf3 Rab8 34.
Kg2 Qf6 35. Qe2 e5 36. Qd3 Qe6 37. h3 Bh6 38. Rxe5 dxe5 39. Bxh6 Rbd8 40. Qc3
Rd4 41. Be3 Rxc4 42. Qa5 Qc6+ 43. Kg1 Ra4 44. Qxc5 Qxc5 45. Bxc5 f5 46. g5 a6
47. Bd6 e4 48. Rb1 Rd4 49. Rb6 a5 50. Ra6 a4 51. Bb4 f4 52. Ra7 e3 53. fxe3
fxe3 54. Kf1 e2+ 55. Kf2 Rxb4 0-1

[Event "6.Torneo de Promoción Almansa 2011"]
[Site "Almansa ESP"]
[Date "2011.08.09"]
[Round "1.35"]
[White "Gomez Gonzalez, Javier"]
[Black "Nieves Cabanes, Javier"]
[Result "0-1"]
[WhiteElo "2123"]
[BlackElo "1910"]
[PlyCount "94"]
[EventDate "2011.08.09"]
[EventType "swiss"]
[EventRounds "9"]
[EventCountry "ESP"]
[Source "lmi"]
[SourceDate "2011.08.09"]

1. e4 c5 2. Nf3 Nc6 3. d4 cxd4 4. Nxd4 g6 5. Be3 Nf6 6. Nc3 Bg7 7. Be2 O-O 8.
Nb3 a6 9. f4 d6 10. O-O Be6 11. f5 Bxb3 12. axb3 b5 13. Bd3 d5 14. exd5 Nxd5
15. Nxd5 Qxd5 16. Qg4 Ne5 17. Qe4 Qxe4 18. Bxe4 Ng4 19. Bf2 Rad8 20. Bb6 Rd7
21. Rfd1 Rxd1+ 22. Rxd1 Bxb2 23. fxg6 hxg6 24. h3 Nf6 25. Bb7 Rb8 26. Rd8+ Rxd8
27. Bxd8 Bd4+ 28. Kf1 Kf8 29. Bxa6 b4 30. Ke2 Nd5 31. Kd3 e5 32. Bb7 Nf4+ 33.
Kc4 f5 34. Kxb4 e4 35. Kc4 Bf2 36. Bg5 Nxg2 37. Kd5 Ne1 38. Bh6+ Kf7 39. c4 Nd3
40. Kd6 Kf6 41. b4 Be1 42. b5 Bb4+ 43. Kd5 g5 44. h4 gxh4 45. Be3 h3 46. Bg1
Bc5 47. Bh2 e3 0-1

[Event "6.Torneo de Promoción Almansa 2011"]
[Site "Almansa ESP"]
[Date "2011.08.10"]
[Round "2.1"]
[White "Villasenor Rubio, Emilio Jose"]
[Black "Kovacevic, Slobodan"]
[Result "1/2-1/2"]
[WhiteElo "2159"]
[BlackElo "2325"]
[PlyCount "59"]
[EventDate "2011.08.09"]
[EventType "swiss"]
[EventRounds "9"]
[EventCountry "ESP"]
[Source "lmi"]
[SourceDate "2011.08.09"]

1. e4 c5 2. Nf3 e6 3. d4 cxd4 4. Nxd4 a6 5. Nc3 Qc7 6. Bd3 Nf6 7. O-O d6 8. Kh1
Nbd7 9. f4 Be7 10. Qe2 O-O 11. Bd2 b5 12. a4 bxa4 13. Nxa4 Bb7 14. c4 g6 15.
Nf3 Rfe8 16. Nc3 Bf8 17. Rae1 Rad8 18. Bc2 Bg7 19. Ba4 Rf8 20. Bc2 Nb6 21. Bd3
Nfd7 22. Rc1 Rfe8 23. Rfe1 Rb8 24. b4 Rec8 25. Nd1 Ra8 26. Be3 Nf6 27. Nf2 Nbd7
28. Bd2 Bf8 29. Rc2 Bg7 30. Rec1 1/2-1/2

[Event "6.Torneo de Promoción Almansa 2011"]
[Site "Almansa ESP"]
[Date "2011.08.10"]
[Round "2.2"]
[White "Chueca Forcen, Alberto"]
[Black "Jimenez De La Torre, Jose A"]
[Result "1-0"]
[WhiteElo "2323"]
[BlackElo "2138"]
[PlyCount "145"]
[EventDate "2011.08.09"]
[EventType "swiss"]
[EventRounds "9"]
[EventCountry "ESP"]
[Source "lmi"]
[SourceDate "2011.08.09"]

1. d4 Nf6 2. Bg5 e6 3. Nf3 d5 4. c3 Be7 5. Nbd2 Nbd7 6. e3 h6 7. Bf4 O-O 8. Bd3
Nh5 9. Be5 f6 10. Bg6 fxe5 11. dxe5 Nhf6 12. exf6 Rxf6 13. Bb1 e5 14. e4 d4 15.
cxd4 exd4 16. e5 Re6 17. Bf5 Rxe5+ 18. Nxe5 Nxe5 19. Qb3+ Kh8 20. Be4 c5 21.
O-O c4 22. Qb5 c3 23. Qxe5 cxd2 24. Rad1 Bf6 25. Qh5 Be6 26. Qg6 Qg8 27. b3 Bf7
28. Qf5 Be6 29. Qb5 Rb8 30. Rxd2 Qf7 31. Rc2 Qe7 32. Qc5 Qxc5 33. Rxc5 Rd8 34.
Rd1 Bc8 35. Rdc1 Be6 36. Bd3 Bd7 37. Rd5 Bc6 38. Rxd8+ Bxd8 39. f3 Bg5 40. Rc5
Kg8 41. Kf1 Bf6 42. Ke2 Be7 43. Ra5 a6 44. Re5 Kf7 45. Bc4+ Ke8 46. a4 Kd7 47.
Kd3 Bf6 48. Rf5 Kd6 49. h3 Bd7 50. Rd5+ Kc7 51. a5 Bc6 52. Rc5 Kd6 53. b4 Be8
54. f4 Bg6+ 55. Kd2 Be4 56. g3 Bg2 57. h4 Bf3 58. Be2 Be4 59. Bd3 Bf3 60. Rc1
Bc6 61. Rb1 Bd8 62. Bc4 Be4 63. Re1 Bc6 64. Kd3 Bf6 65. g4 Bxh4 66. Re6+ Kd7
67. Kxd4 Bf6+ 68. Kd3 Bf3 69. Rb6 Kc7 70. Be6 Bc6 71. Bf5 Bd5 72. Ke3 Bc3 73.
Be4 1-0

[Event "6.Torneo de Promoción Almansa 2011"]
[Site "Almansa ESP"]
[Date "2011.08.10"]
[Round "2.3"]
[White "Varga, Mariano"]
[Black "Cruz Lledo, Pablo"]
[Result "0-1"]
[WhiteElo "2131"]
[BlackElo "2269"]
[PlyCount "90"]
[EventDate "2011.08.09"]
[EventType "swiss"]
[EventRounds "9"]
[EventCountry "ESP"]
[Source "lmi"]
[SourceDate "2011.08.09"]

1. d4 Nf6 2. c4 c6 3. Nc3 d5 4. cxd5 Nxd5 5. e4 Nxc3 6. bxc3 g6 7. Bc4 Bg7 8.
Ne2 O-O 9. O-O Nd7 10. Be3 e5 11. f4 Nb6 12. Bb3 exd4 13. cxd4 Bg4 14. h3 Bxd4
15. Qxd4 Bxe2 16. Rf2 Qxd4 17. Bxd4 Bd3 18. Re1 Rfe8 19. Re3 Bb5 20. f5 Nc4 21.
fxg6 hxg6 22. Rf4 Rad8 23. Bf6 Rd6 24. Rc3 Rxf6 25. Rxf6 Rxe4 26. Rcf3 Re7 27.
g4 Kg7 28. g5 a5 29. a4 Ba6 30. R3f4 Ne5 31. Kg2 Rd7 32. h4 c5 33. Re4 c4 34.
Rxe5 cxb3 35. Rb6 Rd2+ 36. Kf3 b2 37. Rxa5 Bc4 38. Ke3 Rh2 39. Rab5 Bxb5 40.
Rxb5 Rh3+ 41. Kd2 Rxh4 42. a5 Rh1 43. Rxb2 Rh2+ 44. Kc3 Rxb2 45. Kxb2 f6 0-1

[Event "6.Torneo de Promoción Almansa 2011"]
[Site "Almansa ESP"]
[Date "2011.08.10"]
[Round "2.4"]
[White "Carrascoso Morales, Abel"]
[Black "Krug Cortegoso, Rodolfo Martin"]
[Result "1-0"]
[WhiteElo "2263"]
[BlackElo "2127"]
[PlyCount "103"]
[EventDate "2011.08.09"]
[EventType "swiss"]
[EventRounds "9"]
[EventCountry "ESP"]
[Source "lmi"]
[SourceDate "2011.08.09"]

1. e4 c5 2. Nf3 Nc6 3. Bb5 g6 4. Bxc6 dxc6 5. h3 Bg7 6. d3 Nf6 7. O-O O-O 8.
Nc3 Nd7 9. Be3 e5 10. Qd2 Qe7 11. a3 a5 12. a4 b6 13. Nh2 f6 14. Rae1 Ba6 15.
b3 Rad8 16. h4 Bc8 17. Ne2 h5 18. f4 exf4 19. Nxf4 Ne5 20. Nf3 Kh7 21. Nxe5
Qxe5 22. Qf2 Bg4 23. b4 axb4 24. a5 bxa5 25. Bxc5 Qc3 26. d4 Rfe8 27. Re3 Qc4
28. Rg3 Rxe4 29. Nxg6 Qe2 30. Qxe2 Rxe2 31. Ne7 Bf8 32. Nxc6 Bxc5 33. dxc5 Rdd2
34. Nxa5 Rxc2 35. Nb3 Re4 36. Rxf6 Rc3 37. Nd2 Re1+ 38. Kh2 Rcc1 39. Rd3 Rh1+
40. Kg3 Rc3 41. Rfd6 Rd1 42. Kf2 Rxc5 43. Re3 Rf5+ 44. Kg3 Kg7 45. Rb3 Rb5 46.
Kf2 Kf7 47. Ne4 Rf5+ 48. Kg3 Re1 49. Rxb4 Re5 50. Rb7+ Kf8 51. Rd8+ Re8 52.
Rxe8+ 1-0

[Event "6.Torneo de Promoción Almansa 2011"]
[Site "Almansa ESP"]
[Date "2011.08.10"]
[Round "2.5"]
[White "Martin Hernandez, Ruben"]
[Black "Berrocal, Jorge"]
[Result "1/2-1/2"]
[WhiteElo "2128"]
[BlackElo "2261"]
[PlyCount "65"]
[EventDate "2011.08.09"]
[EventType "swiss"]
[EventRounds "9"]
[EventCountry "ESP"]
[Source "lmi"]
[SourceDate "2011.08.09"]

1. c4 g6 2. g3 Bg7 3. Bg2 c5 4. Nc3 Nc6 5. Nf3 d6 6. O-O a6 7. a3 Rb8 8. Rb1
Bf5 9. d3 b5 10. cxb5 axb5 11. Bd2 b4 12. axb4 Nxb4 13. Na2 Nxa2 14. Qa4+ Bd7
15. Qxa2 Ra8 16. Qc4 Ra4 17. Qc1 Nf6 18. b4 cxb4 19. Rxb4 Rxb4 20. Bxb4 O-O 21.
Bc3 Qb6 22. Qa1 Rc8 23. Bd4 Qc7 24. Bb2 Qb6 25. Bd4 Qc7 26. Bb2 h6 27. Rc1 Qb8
28. Rxc8+ Qxc8 29. Qc1 Qb8 30. Nd2 Be6 31. Qa1 Ne8 32. Bxg7 Nxg7 33. Qa8
1/2-1/2

[Event "6.Torneo de Promoción Almansa 2011"]
[Site "Almansa ESP"]
[Date "2011.08.10"]
[Round "2.6"]
[White "Garcia Gata, Jorge D"]
[Black "Serna Lara, Sergio"]
[Result "0-1"]
[WhiteElo "2125"]
[BlackElo "2253"]
[PlyCount "110"]
[EventDate "2011.08.09"]
[EventType "swiss"]
[EventRounds "9"]
[EventCountry "ESP"]
[Source "lmi"]
[SourceDate "2011.08.09"]

1. d4 e6 2. Nf3 b6 3. e4 Bb7 4. Bd3 c5 5. c3 Nf6 6. Bg5 h6 7. Bxf6 Qxf6 8. O-O
g5 9. Nbd2 Nc6 10. d5 Ne7 11. Nc4 Ng6 12. e5 Qg7 13. dxe6 fxe6 14. Qc2 Nf4 15.
Be4 Bd5 16. Ne3 Bxe4 17. Qxe4 Rb8 18. Rad1 b5 19. Rd2 Qg6 20. Qxg6+ Nxg6 21.
Rfd1 Rb7 22. c4 Bg7 23. cxb5 Nxe5 24. Nxe5 Bxe5 25. Nc4 Bf4 26. g3 Bxd2 27.
Nd6+ Ke7 28. Nxb7 Bb4 29. a3 Rb8 30. Nd6 Ba5 31. a4 Bc7 32. Ne4 Bb6 33. Nd6 Bc7
34. Ne4 c4 35. Nc5 Bd6 36. Ne4 Bb4 37. Nc3 d5 38. Kg2 Rf8 39. f3 Kd6 40. h3 Kc5
41. Kf2 Bxc3 42. bxc3 e5 43. Ke3 Rd8 44. f4 gxf4+ 45. gxf4 exf4+ 46. Kxf4 d4
47. Rc1 dxc3 48. Rxc3 Kb4 49. Rc1 Kb3 50. Ke4 c3 51. a5 Kb2 52. Rg1 c2 53. b6
axb6 54. axb6 c1=Q 55. Rxc1 Kxc1 0-1

[Event "6.Torneo de Promoción Almansa 2011"]
[Site "Almansa ESP"]
[Date "2011.08.10"]
[Round "2.7"]
[White "Alcaraz Ortega, Javier"]
[Black "Machado Hernandez, Junior"]
[Result "1-0"]
[WhiteElo "2248"]
[BlackElo "2048"]
[PlyCount "95"]
[EventDate "2011.08.09"]
[EventType "swiss"]
[EventRounds "9"]
[EventCountry "ESP"]
[Source "lmi"]
[SourceDate "2011.08.09"]

1. d4 Nf6 2. Nf3 e6 3. c4 c5 4. d5 b5 5. Qc2 bxc4 6. dxe6 fxe6 7. Qxc4 d5 8.
Qc2 Bd6 9. Bg5 O-O 10. Nc3 Bb7 11. e3 Nbd7 12. Bd3 h6 13. Bh4 c4 14. Bg6 e5 15.
O-O Rc8 16. Rad1 Qb6 17. Bf5 Rce8 18. Bxd7 Nxd7 19. Nxd5 Bxd5 20. Rxd5 e4 21.
Rfd1 Be5 22. Qxc4 Kh8 23. Nxe5 Nxe5 24. Qd4 Nd3 25. Qxb6 axb6 26. Rb5 Rc8 27.
f3 exf3 28. gxf3 Nc1 29. Kg2 Rc2+ 30. Bf2 Rf6 31. a3 Rg6+ 32. Kf1 Rf6 33. f4 g5
34. f5 Nb3 35. e4 Nd2+ 36. Kg1 Nf3+ 37. Kg2 g4 38. Kg3 h5 39. Bd4 Nxd4 40. Rxd4
Kh7 41. Rdb4 Rd6 42. Rxb6 Rd3+ 43. Kf4 Rd7 44. Rb7 Rxb7 45. Rxb7+ Kg8 46. Kg5
Rxh2 47. Kg6 Kf8 48. f6 1-0

[Event "6.Torneo de Promoción Almansa 2011"]
[Site "Almansa ESP"]
[Date "2011.08.10"]
[Round "2.8"]
[White "Barranco Cara, Francisco Javier"]
[Black "Sabater Sanchez, Asensio"]
[Result "0-1"]
[WhiteElo "2120"]
[BlackElo "2208"]
[PlyCount "40"]
[EventDate "2011.08.09"]
[EventType "swiss"]
[EventRounds "9"]
[EventCountry "ESP"]
[Source "lmi"]
[SourceDate "2011.08.09"]

1. d4 Nf6 2. Nf3 e6 3. c4 b6 4. g3 Bb7 5. Bg2 Bb4+ 6. Bd2 Qe7 7. O-O O-O 8. Nc3
d6 9. d5 c5 10. Nh4 exd5 11. cxd5 Re8 12. Nf5 Qd7 13. Bh3 Kh8 14. e4 g6 15. Bg5
Bxc3 16. bxc3 Nxe4 17. Bh4 Re5 18. Re1 Rxd5 19. Nd4 Qxh3 20. Rxe4 Nd7 0-1